书目信息 |
| 题名: |
可持续发展下绿色核算:资源--经济--环境综合核算
|
|
| 作者: | 雷明 著 | |
| 分册: | ||
| 出版信息: | 北京 地质出版社 1999.05 |
|
| 页数: | 317页 | |
| 开本: | 16开 | |
| 丛书名: | ||
| 单 册: | ||
| 中图分类: | F221 | |
| 科图分类: | ||
| 主题词: | 经济--计算 , 经济数学--方法 | |
| 电子资源: | ||
| ISBN: | 7-116-02796-3 | |
| 000 | 00639nam0 2200205 45 | |
| 001 | 0010101069 | |
| 005 | 20001010113452.1 | |
| 010 | @a7-116-02796-3@d19.80元 | |
| 100 | @a20001010d1999 km y0chiy0120 ea | |
| 101 | 0 | @achi |
| 105 | @a z 000yy | |
| 200 | 1 | @a可持续发展下绿色核算:资源--经济--环境综合核算@AKe Chi Xu Fa Zhan Xia Lu Se He Suan:Zi Yuan--Jing Ji--Huan Jing Zong He He Suan@f雷明著@FLei Ming Zhu |
| 210 | @a北京@c地质出版社@d1999.05 | |
| 215 | @a317页@d16开 | |
| 606 | 0 | @a经济@x计算 |
| 606 | 0 | @a经济数学@x方法 |
| 690 | @aF221@v3 | |
| 701 | 0 | @a雷明@4著 |
| 801 | @aCN@bPftUser@c20001010 | |
| 905 | @b174352@dF221@eL.532@f1 | |
| 可持续发展下绿色核算:资源--经济--环境综合核算/雷明著.-北京:地质出版社,1999.05 |
| 317页;16开 |
| ISBN 7-116-02796-3:19.80元 |
| ● |
| 相关链接 |
|
|
|
正题名:可持续发展下绿色核算:资源--经济--环境综
索取号:F221/L.532
 
预约/预借
| 序号 | 登录号 | 条形码 | 馆藏地/架位号 | 状态 | 备注 |
| 1 | 174352 | 201743523 | 社科库409/409社科库 72排3列2层/ [索取号:F221/L.532] | 在馆 |